| 000 | 01179nac a22002411u 4500 | ||
|---|---|---|---|
| 008 | 120111s1998 nju||||| |||| 001 0 eng d | ||
| 010 | _a 97035050 | ||
| 020 | _a0137277695 | ||
| 082 | 0 | 0 |
_a330.9 _bSTU _222 |
| 100 |
_aStutz, Frederick P. _928313 |
||
| 245 | 1 | 4 |
_aThe world economy : _bresources, location, trade, and development / _cFrederick P. Stutz and Anthony R. de Souza. |
| 250 | _a3rd ed. | ||
| 260 |
_aUpper Saddle River, N.J. : _bPrentice Hall, _cc1998. |
||
| 300 |
_axii, 596 p. : _bill. (some col.), maps (some col.) ; _c29 cm. |
||
| 500 | _aColored map of the world on front end papers. | ||
| 504 | _aIncludes bibliographical references (p. [577]-588) and index. | ||
| 650 | 0 |
_aEconomic geography. _928314 |
|
| 650 | 0 |
_aEconomic history _y1945- _928315 |
|
| 700 | 1 |
_aDe Souza, Anthony R. _928316 |
|
| 942 |
_cBB _k330.9S937 _2ddc |
||
| 999 |
_c4149 _d4149 |
||